000 00722nam#a22002655ar4500
001 345
008 060801s1974####ag#a###d|||||#001#||spa#d
245 1 0 _aQuímica general e inorgánica /
_cHéctor Fernádez Serventi :
_bPrimera parte.
250 _a8ª ed.
260 _aBuenos Aires :
_bLosada,
_c1974.
300 _a255 p. :
_bil. ;
_c17 cm.
521 _aCuarto año colegios nacionales de señoritas
100 1 _aFernado Serventi, Héctor.
080 _a546:54
084 _aF38-S42
653 _aQuímica
653 _aMateria
653 _aCuerpo
653 _aSistemas dispersos
653 _aTeoría Atómica
040 _aAR-ClEAG
_cAR-ClEAG
005 20241107184632.0
003 AR-ClEAG
942 _cBK
999 _c345
_d345
980 _62
_aEvangelina Gallicchio
_82
_gEvangelina Gallicchio